=LDR 00000nam 2200000 4500 =001 $a INLIS000000000008406 =005 $a 20260605100528 =008 $a 260605################g##########0#ind## =022 ##$$a - =035 ##$$a 0010-0626000033 =082 ##$$a 361.806 =084 ##$$a 361.806 BAD p =110 #$$a Badan Kependudukan dan Keluarga Berencana Nasional =245 ##$$a Profil Hasil Pendataan Keluarga Tahun 2009 $b - $c Badan Kependudukan dan Keluarga Berencana Nasional =247 ##$$a =260 ##$$a Jakarta $b BKKBN $c 2010 =300 ##$$a iv; 130 hlm. $b ilus. $c 29 cm. $e =310 ##$$a =321 ##$$a =520 #$$a =650 #$$a Keluarga Berencana =650 #$$a Kependudukan =700 #$$a =856 ##$$a =Wor $a 1